Príručka manažéra všetko čo potrebujete vedieť o podnikaní a manažmente

Gespeichert in:
Bibliographische Detailangaben
Weitere Verfasser: Heller, Robert
Format: Buch
Sprache:Slowakisch
Veröffentlicht: Bratislava Ikar 2005
Schlagworte:
Tags: Tag hinzufügen
Keine Tags, Fügen Sie das erste Tag hinzu!

MARC

LEADER 00000nam$a2200000$$$4500
001 0074252
005 20231215114923.4
020 |a 80-551-0882-X 
041 0 |a slo 
044 |a SK 
245 1 0 |a Príručka manažéra  |b všetko čo potrebujete vedieť o podnikaní a manažmente  |c zostavovateľ: Robert Heller 
264 1 |a Bratislava  |b Ikar  |c 2005 
300 |a 256 s. 
610 2 0 |a podnikanie 
610 2 0 |a manažment 
610 2 0 |a manažéri 
610 2 0 |a kariéra 
610 2 0 |a zručnosti 
610 2 0 |a zamestnanie 
610 2 0 |a učiaca sa organizácia 
610 2 0 |a manažment finančný 
610 2 0 |a riadenie ľudských zdrojov 
610 2 0 |a riadenie podnikové 
610 2 0 |a marketing 
610 2 0 |a predaj 
610 2 0 |a internet 
610 2 0 |a komunikácia 
610 2 0 |a rozhodovanie 
610 2 0 |a inovácia 
610 2 0 |a manažment medzinárodný 
610 2 0 |a globalizácia 
610 2 0 |a kultúra 
610 2 0 |a podnik 
610 2 0 |a organizácie 
610 2 0 |a adresáre 
700 1 |a Heller, Robert